Derecho romano /
Contiene: Las fuentes del derecho romano. I Las acciones: Las acciones de la ley; El agere per formulas; Procedimientos clásicos y postclásicos sin fórmula. II El Dominio: Las cosas; La posesión; La adquisición del dominio; Limitaciones al dominio. III La herencia: La familia romana; La sucesión her...
Enregistré dans:
| Auteur principal: | |
|---|---|
| Format: | Livre |
| Langue: | espagnol |
| Publié: |
Santiago, Chile :
Pontificia Universidad Católica de Chile,
2003, c2003
|
| Collection: | (Textos Universitarios de la Universidad Católica de Chile. Facultad de Derecho)
|
| Sujets: | |
| Tags: |
Pas de tags, Soyez le premier à ajouter un tag!
|
MARC
| LEADER | 00000nam^a2200000^a^4500 | ||
|---|---|---|---|
| 001 | 000173954 | ||
| 005 | 20250521000000.0 | ||
| 009 | 20260310101512.178 | ||
| 020 | |a 956-14-0729-9 | ||
| 037 | |a Acervo ITESO - Biblioteca | ||
| 041 | |a ESP | ||
| 082 | |a 340. 54 |b SAM | ||
| 100 | |a Samper Polo, Francisco |e (autor) | ||
| 245 | 1 | 0 | |a Derecho romano / |c F. Samper Polo. |
| 264 | 4 | |a Santiago, Chile : |b Pontificia Universidad Católica de Chile, |c 2003, c2003 | |
| 300 | |a 421 p. | ||
| 336 | |a texto |b txt |2 rdacontenido | ||
| 337 | |a sin mediación |b n |2 rdamedio | ||
| 338 | |a volumen |b nc |2 rdasoporte | ||
| 440 | 1 | |a (Textos Universitarios de la Universidad Católica de Chile. |p Facultad de Derecho) | |
| 520 | |a Contiene: Las fuentes del derecho romano. I Las acciones: Las acciones de la ley; El agere per formulas; Procedimientos clásicos y postclásicos sin fórmula. II El Dominio: Las cosas; La posesión; La adquisición del dominio; Limitaciones al dominio. III La herencia: La familia romana; La sucesión hereditaria; Las liberalidades. IV Las obligaciones: El sistema romano de obligaciones; Los delitos; Los préstamos; Las estipulaciones; Los contratos. Apéndice: Los negocios jurídicos. | ||
| 649 | |a XX | ||
| 650 | |a Procedimientos Civiles (Derecho Romano) | ||
| 650 | |a Derecho de Propiedad | ||
| 650 | |a Derecho Sucesorio | ||
| 650 | |a Derecho de Familia | ||
| 650 | |a Derecho Mercantil | ||
| 650 | |a Derecho Civil | ||
| 650 | |a Derecho Penal | ||
| 650 | |a Derecho Romano | ||
| 650 | |a Derecho Privado | ||
| 650 | |a Derecho Público | ||
| 910 | |a Fondo General | ||
| 920 | |a Impresos - Libros | ||
| 930 | |a Colección General | ||
| 905 | |a 101 | ||
| 901 | |a 0500111998 |b IT1 |c ACC |u 20250521 | ||
| 902 | |a https://opac.biblio.iteso.mx/vufind/Record/000173954 | ||